000 00721nam a2200253Ia 4500
003 OSt
005 20220924114233.0
006 a|||||r|||| 00| 0
007 ta
008 220923b |||||||| |||| 00| 0 hin d
024 _a39405
037 _cTextual
040 _aARTS
_cARTS
_bhin
041 _2hin
_ahin
082 _aO15,1A10jJ32, 152M5 (P15)
100 _aShukla Uma Shankar
_9172565
245 0 _aValmiki aur Tulsi ka Upman Vidhan
260 _aAllahabad
_bVasumati Prakashan
_c1985
300 _a299p.
_ccm.
500 _aBib 291-99p
650 _aENGLISH LITERATURE
942 _hO15,1A10jJ32, 152M5 (P15)
_cTEXL
_2CC
999 _c392621
_d392621